Learning Resource and Development

The black camel / (Record no. 15951)

MARC details
000 -LEADER
fixed length control field 01078cam a22003011a 4500
001 - CONTROL NUMBER
control field blackcamel00bigg
003 - CONTROL NUMBER IDENTIFIER
control field CaSfIA
005 - DATE AND TIME OF LATEST TRANSACTION
control field 20230525154611.0
007 - PHYSICAL DESCRIPTION FIXED FIELD--GENERAL INFORMATION
fixed length control field cr||||
008 - FIXED-LENGTH DATA ELEMENTS--GENERAL INFORMATION
fixed length control field 780203s1929 inu 000 1 eng
010 ## - LIBRARY OF CONGRESS CONTROL NUMBER
LC control number 29013780
040 ## - CATALOGING SOURCE
Original cataloging agency DLC
Transcribing agency NRC
Modifying agency DLC
-- OCLCQ
-- OCLCG
-- CaSfIA
035 ## - SYSTEM CONTROL NUMBER
System control number (OCoLC)3602451
043 ## - GEOGRAPHIC AREA CODE
Geographic area code n-us-hi
050 00 - LIBRARY OF CONGRESS CALL NUMBER
Classification number PZ3.B482
Item number Bl
Classification number PS3503.I54
029 1# - OTHER SYSTEM CONTROL NUMBER (OCLC)
OCLC library identifier AU@
System control number 000023449444
029 1# - OTHER SYSTEM CONTROL NUMBER (OCLC)
OCLC library identifier AU@
System control number 000006355595
100 1# - MAIN ENTRY--PERSONAL NAME
Personal name Biggers, Earl Derr,
Dates associated with a name 1884-1933.
245 14 - TITLE STATEMENT
Title The black camel /
Medium [electronic resource]
Statement of responsibility, etc. by Earl Derr Biggers.
260 ## - PUBLICATION, DISTRIBUTION, ETC.
Place of publication, distribution, etc. Indianapolis :
Name of publisher, distributor, etc. Bobbs-Merrill,
Date of publication, distribution, etc. c1929.
300 ## - PHYSICAL DESCRIPTION
Extent 312 p. ;
Dimensions 20 cm.
650 #0 - SUBJECT ADDED ENTRY--TOPICAL TERM
Topical term or geographic name entry element Chan, Charlie (Fictitious character)
Form subdivision Fiction.
650 #0 - SUBJECT ADDED ENTRY--TOPICAL TERM
Topical term or geographic name entry element Police
Geographic subdivision Hawaii
-- Honolulu
Form subdivision Fiction.
651 #0 - SUBJECT ADDED ENTRY--GEOGRAPHIC NAME
Geographic name Honolulu (Hawaii)
Form subdivision Fiction.
655 #7 - INDEX TERM--GENRE/FORM
Genre/form data or focus term Mystery fiction.
Source of term gsafd
856 41 - ELECTRONIC LOCATION AND ACCESS
Uniform Resource Identifier <a href="http://www.archive.org/details/blackcamel00bigg">http://www.archive.org/details/blackcamel00bigg</a>
Public note Free eBook from the Internet Archive
856 42 - ELECTRONIC LOCATION AND ACCESS
Uniform Resource Identifier <a href="http://www.openlibrary.org/books/OL6729540M">http://www.openlibrary.org/books/OL6729540M</a>
Public note Additional information and access via Open Library
Holdings
Withdrawn status Lost status Damaged status Not for loan Collection Home library Current library Date acquired Total Checkouts Full call number Date last seen Price effective from Koha item type
        Project Gutenberg Main Library Main Library 05/25/2023   PZ3.B482 Bl PS3503.I54 05/25/2023 05/25/2023 EBooks